| 000 | 00548 a2200181 4500 | ||
|---|---|---|---|
| 020 | _a1580536670 | ||
| 020 | _a1580536670 | ||
| 040 |
_aDLC _bDLC |
||
| 100 | 1 | _aMiao, George J. | |
| 245 | 1 | 0 |
_aSignal processing in digital communications _cGeorge J. Miao |
| 260 |
_aBoston, MA : _bArtech House, _c2007. |
||
| 300 |
_a515 p. : _bill. ; _c24 cm. |
||
| 490 | 0 | _aArtech House signal processing library. | |
| 650 | 0 | _aSignal processing. | |
| 650 | 0 | _aDigital communications. | |
| 650 | 0 | _aDigital filters (Mathematics) | |
| 942 |
_cBK _k621.3822 MIA _2ddc |
||
| 999 |
_c8267 _d8267 |
||